[Event "Titled Tuesday intern op 18th Jul Late"]
[Site "Chess.com INT"]
[Date "2023.07.18"]
[Round "5"]
[White "Begmuratov, Alisher"]
[Black "Yoo, Christopher Woojin"]
[Result "0-1"]
[WhiteElo "2395"]
[BlackElo "2606"]
[PlyCount "160"]
[EventDate "2023.07.18"]
[EventType "swiss (blitz)"]
[EventRounds "11"]
[EventCountry "USA"]
[SourceTitle "EXT 2024"]
[Source "ChessBase"]
[SourceDate "2023.10.10"]
[SourceVersion "1"]
[SourceVersionDate "2023.10.10"]
[SourceQuality "1"]

1. Nf3 b6 2. g3 Bb7 3. Bg2 c5 4. b3 Nf6 5. Bb2 e6 6. 0-0 Be7 7. d3 d5 8. e3 0-0 9. Nbd2 Nbd7 10. Ne5 Nxe5 11. Bxe5 Nd7 12. Bb2 Bf6 13. Bxf6 Nxf6 14. Qe2 e5 15. e4 Re8 16. h3 Qc7 17. Kh2 Rad8 18. Rae1 b5 19. exd5 Nxd5 20. Qe4 Bc6 21. Qh4 f6 22. Ne4 Bb7 23. Re2 f5 24. Ng5 h6 25. Nf3 Nc3 26. Rxe5 Rxe5 27. Nxe5 Bxg2 28. Kxg2 Re8 29. f4 Nxa2 30. Qh5 Rf8 31. Re1 Qb7+ 32. Kh2 Qe7 33. Re2 Nc3 34. Re1 a5 35. Qg6 Rf6 36. Qh5 a4 37. bxa4 bxa4 38. Qf3 Kh7 39. Qa8 Re6 40. Ra1 Rxe5 41. fxe5 Qxe5 42. Ra3 Qe3 43. Qg2 Qd4 44. Qf3 Qe5 45. Kg2 Nd5 46. Rxa4 Ne3+ 47. Kh2 Nxc2 48. Ra7 Nd4 49. Qf2 Qd5 50. Qg2 Nf3+ 51. Kh1 Qxd3 52. Ra1 c4 53. Qf2 c3 54. Rf1 c2 55. Kg2 Nd4 56. Rc1 Ne2 57. Qe1 Qe4+ 58. Kf2 Nxc1 59. Qxc1 Qd3 60. Qf4 Qe4 61. Qd2 h5 62. Qc3 h4 63. gxh4 Qf4+ 64. Ke2 c1Q 65. Qxc1 Qxc1 66. Kf3 Qh6 67. h5 Qxh5+ 68. Kg2 Kh6 69. Kh2 Qg4 70. hxg4 fxg4 71. Kg3 Kg5 72. Kg2 Kf4 73. Kf2 g3+ 74. Kg2 Kg4 75. Kg1 Kf3 76. Kf1 g2+ 77. Kg1 g6 78. Kh2 Kf2 79. Kh3 g1Q 80. Kh4 Qg3# 0-1

[Event "Titled Tuesday intern op 18th Jul Early"]
[Site "Chess.com INT"]
[Date "2023.07.18"]
[Round "3"]
[White "Durarbayli, Vasif"]
[Black "Begmuratov, Alisher"]
[Result "1-0"]
[WhiteElo "2631"]
[BlackElo "2395"]
[PlyCount "43"]
[EventDate "2023.07.18"]
[EventType "swiss (blitz)"]
[EventRounds "11"]
[EventCountry "USA"]
[SourceTitle "EXT 2024"]
[Source "ChessBase"]
[SourceDate "2023.10.10"]
[SourceVersion "1"]
[SourceVersionDate "2023.10.10"]
[SourceQuality "1"]

1. e4 e5 2. Nc3 Nc6 3. f4 exf4 4. d4 Bb4 5. Bxf4 d5 6. exd5 Qxd5 7. Nf3 Nge7 8. Be2 Qa5 9. 0-0 Bd6 10. Bxd6 cxd6 11. d5 Nb8 12. Bb5+ Bd7 13. Bxd7+ Nxd7 14. Qe2 f6 15. Kh1 Ne5 16. Nxe5 fxe5 17. Qg4 Qc7 18. Qxg7 0-0-0 19. Rf7 Rhg8 20. Qf6 Rde8 21. Qe6+ Qd7 22. Rxe7 1-0